| 000 | 005810000a22001930004500 | ||
|---|---|---|---|
| 003 | LK-CoMWRAF | ||
| 005 | 20231222095600.0 | ||
| 008 | 230817t1991 ||||| |||| 00| 0 eng d | ||
| 040 |
_aLK-CoMWRAF _dLK-CoMWRAF _eLK-CoMWRAF |
||
| 041 | _aeng | ||
| 082 |
_a361.74 _bFER |
||
| 100 | _aFernando, Vijita | ||
| 245 |
_aNon Government Organizations (NGOs) in Sri Lanka: _ban introduction |
||
| 260 |
_aColombo: _bNGO Water Supply & Sanitation Decade Service _c1991 |
||
| 300 | _av, 80p ; 20 cm | ||
| 650 | _aNON-GOVERNMENTAL ORGANIZATIONS | ||
| 700 | _ade Mel, J. Henry | ||
| 942 | _cBK | ||
| 999 |
_c1471 _d1471 |
||